Influence lines for thrust and bending moments in the fixed arch, (Record no. 546820)
[ view plain ]
| 000 -LEADER | |
|---|---|
| fixed length control field | 00616cam a22001811 4500 |
| 082 ## - DEWEY DECIMAL CLASSIFICATION NUMBER | |
| Classification number | 624.1775 |
| Author Mark | ERI |
| -- | 1973 |
| 100 1# - MAIN ENTRY--PERSONAL NAME | |
| Personal name | Eriksen, Bjarne. |
| 9 (RLIN) | 43017 |
| 245 10 - TITLE STATEMENT | |
| Title | Influence lines for thrust and bending moments in the fixed arch, |
| Statement of responsibility, etc. | by B. Eriksen. |
| 260 ## - PUBLICATION, DISTRIBUTION, ETC. | |
| Place of publication, distribution, etc. | London, |
| Name of publisher, distributor, etc. | Concrete Publications |
| Date of publication, distribution, etc. | [1939] |
| 300 ## - PHYSICAL DESCRIPTION | |
| Extent | 26, [1] p. |
| Other physical details | tables, diagrs. |
| Dimensions | 24 cm. |
| 490 0# - SERIES STATEMENT | |
| Series statement | Concrete series |
| 500 ## - GENERAL NOTE | |
| General note | Reprinted from Concrete and constructional engineering. |
| 526 ## - STUDY PROGRAM INFORMATION NOTE | |
| Program name | 0 |
| Interest level | 0 |
| Reading level | 0 |
| Title point value | 624_177500000000000_ERI |
| 650 #0 - SUBJECT ADDED ENTRY--TOPICAL TERM | |
| Topical term or geographic name entry element | Arches. |
| 9 (RLIN) | 43018 |
| 650 #0 - SUBJECT ADDED ENTRY--TOPICAL TERM | |
| Topical term or geographic name entry element | MCE |
| 9 (RLIN) | 379 |
| 650 #0 - SUBJECT ADDED ENTRY--TOPICAL TERM | |
| Topical term or geographic name entry element | Reinforced concrete. |
| 9 (RLIN) | 40928 |
| 942 ## - ADDED ENTRY ELEMENTS (KOHA) | |
| Source of classification or shelving scheme | |
| Koha item type | Book |
| Withdrawn status | Lost status | Source of classification or shelving scheme | Damaged status | Not for loan | Permanent Location | Current Location | Date acquired | Total Checkouts | Full call number | Barcode | Date last seen | Price effective from | Koha item type |
|---|---|---|---|---|---|---|---|---|---|---|---|---|---|
| Military College of Engineering (MCE) | Military College of Engineering (MCE) | 06/20/2014 | 624.1775 ERI | MCE-1973 | 06/20/2014 | 03/14/2021 | Book |
